| 000 | 01353cam a22003857a 4500 | ||
|---|---|---|---|
| 001 | 13971549 | ||
| 003 | OSt | ||
| 005 | 20140310181923.0 | ||
| 008 | 050517s2004 nyua b 001 0 eng d | ||
| 010 | _a 2005275818 | ||
| 020 | _a0439513685 (pbk.) | ||
| 035 | _a(OCoLC)ocm57479493 | ||
| 040 |
_aORX _cORX _dDLC |
||
| 042 | _alccopycat | ||
| 043 | _an-us--- | ||
| 050 | 0 | 0 |
_aLB 1576 _b.R631 2004 |
| 082 | 0 | 4 |
_aTRE 372.62 _bR631 2004 |
| 100 | 1 |
_aRobb, Laura. _91192 |
|
| 245 | 1 | 0 |
_aNonfiction writing : _bfrom the inside out / _cby Laura Robb ; [foreword by Michael O. Tunnell]. |
| 260 |
_aNew York : _bScholastic, _cc2004. |
||
| 300 |
_a336 p. : _bill. ; _c24 cm. |
||
| 440 | 0 |
_aTeaching resources _91967 |
|
| 490 | 1 | _aTheory and practice | |
| 500 | _aIncludes bibliographical references (p. 307-314) and index | ||
| 521 | _aFaculty | ||
| 541 | _j1 | ||
| 541 | _j2 | ||
| 562 | _e2 | ||
| 650 | 0 |
_aEnglish language _xComposition and exercises _xStudy and teaching _zUnited States. _91968 |
|
| 650 | 0 |
_aReport writing _xStudy and teaching _zUnited States. _91969 |
|
| 830 | 0 |
_aTheory and practice (New York, N.Y.) _91970 |
|
| 906 |
_a7 _bcbc _ccopycat _d2 _encip _f20 _gy-gencatlg |
||
| 942 |
_2lcc _cBK-TR _kTR |
||
| 999 |
_c7075 _d7075 |
||